[Event "Mediterranean zonal 5 (w)"]
[Site "Sparta GRE"]
[Date "1991.??.??"]
[Round "1"]
[White "Botsari, Anna-Maria"]
[Black "Ipek, Nilufer"]
[Result "1-0"]
[WhiteElo "2285"]
[BlackElo "2065"]
[EventDate "1991.??.??"]
[PlyCount "77"]

1.d4 Nf6 2.c4 g6 3.Nc3 Bg7 4.e4 d6 5.f3 O-O 6.Bg5 Nc6 7.Nge2 a6 8.Qd2 Rb8 
9.d5 Ne5 10.Nc1 c6 11.Be2 cxd5 12.cxd5 h5 13.O-O Nh7 14.Be3 f5 15.Nb3 Rf7 
16.Rac1 Qf8 17.h3 f4 18.Bf2 g5 19.Na4 g4 20.Ba7 gxh3 21.Bxb8 Bd7 22.Nb6 
Qxb8 23.Nxd7 Nxd7 24.gxh3 Bf6 25.Kh1 Bh4 26.Nd4 Qf8 27.Rg1+ Kh8 28.Bf1 Ng5
29.Ne6 Qh6 30.Rc8+ Kh7 31.Rxg5 Bxg5 32.Qg2 Rg7 33.Nxg7 Qxg7 34.h4 Bxh4 35.
Qxg7+ Kxg7 36.Rc7 Nc5 37.b4 Na4 38.Rxb7 Be1 39.Rxe7+ 1-0

[Event "Mediterranean zonal 5 (w)"]
[Site "Sparta GRE"]
[Date "1991.??.??"]
[Round "1"]
[White "Giaidzi, Aspasia"]
[Black "Markovic, Gordana"]
[Result "0-1"]
[WhiteElo "1985"]
[BlackElo "2260"]
[EventDate "1991.??.??"]
[PlyCount "68"]

1.e4 e5 2.Nf3 Nc6 3.Bb5 a6 4.Bxc6 dxc6 5.d3 f6 6.Be3 Bg4 7.Nc3 Bd6 8.Qe2 
Ne7 9.Rd1 c5 10.h3 Be6 11.O-O g5 12.Nh2 h5 13.Qf3 Ng6 14.Nd5 Nf4 15.b4 
cxb4 16.d4 Bxd5 17.exd5 Qd7 18.dxe5 fxe5 19.Bxf4 gxf4 20.Rfe1 O-O-O 21.Nf1
Qa4 22.Qe4 Qxa2 23.Nd2 Qa4 24.c4 Qd7 25.Qf3 c5 26.dxc6 Qxc6 27.Ne4 Kb8 28.
c5 Bc7 29.Rxd8+ Rxd8 30.Qxh5 Rd4 31.f3 b3 32.Rb1 Qd5 33.Qe8+ Ka7 34.Nc3 
Qxc5 0-1

[Event "Mediterranean zonal 5 (w)"]
[Site "Sparta GRE"]
[Date "1991.??.??"]
[Round "1"]
[White "Kondou, Eva"]
[Black "Petraki, Maria"]
[Result "1-0"]
[WhiteElo "2175"]
[BlackElo "2035"]
[EventDate "1991.??.??"]
[PlyCount "83"]

1.e4 e6 2.d4 d5 3.Nc3 Bb4 4.e5 c5 5.a3 Bxc3+ 6.bxc3 Ne7 7.h4 Qc7 8.Nf3 b6 
9.h5 h6 10.Bd2 Ba6 11.Bxa6 Nxa6 12.Qe2 Nb8 13.Rh3 Nd7 14.Rc1 cxd4 15.cxd4 
Qc4 16.Qxc4 dxc4 17.Bb4 Nd5 18.Nd2 Nf4 19.Rh2 b5 20.Ne4 a5 21.Bd2 Nd5 22.
Nd6+ Ke7 23.Nxb5 Rhb8 24.Nc3 Nxc3 25.Bxc3 Rb5 26.Kd2 f6 27.f4 fxe5 28.fxe5
Rf8 29.a4 Rd5 30.Ke3 Nb6 31.Rb1 Nxa4 32.Be1 c3 33.Rb7+ Ke8 34.Rxg7 Nb2 35.
Bxc3 Nc4+ 36.Ke2 Rf7 37.Rg6 Kd7 38.Rxh6 a4 39.Rh8 a3 40.Ra8 Kc6 41.h6 Rdd7
42.Rc8+ 1-0

[Event "Mediterranean zonal 5 (w)"]
[Site "Sparta GRE"]
[Date "1991.??.??"]
[Round "1"]
[White "Maksimovic, Suzana"]
[Black "Petek, Mirjana"]
[Result "0-1"]
[WhiteElo "2290"]
[BlackElo "2225"]
[EventDate "1991.??.??"]
[PlyCount "82"]

1.d4 e6 2.c4 Nf6 3.Nc3 Bb4 4.e3 c5 5.Ne2 O-O 6.a3 Bxc3+ 7.Nxc3 d6 8.Bd3 
Nc6 9.O-O b6 10.b3 Bb7 11.Ra2 Ne7 12.Rd2 cxd4 13.exd4 d5 14.Re1 Rc8 15.Bb2
Ng6 16.g3 Qd7 17.Bf1 Rfd8 18.f3 Ne7 19.Na4 dxc4 20.bxc4 Bc6 21.Nc3 Qb7 22.
Bg2 Rd7 23.Ne4 Ne8 24.f4 Rcd8 25.Qc2 h6 26.Rde2 Kf8 27.Bh3 Rc7 28.Qb3 Bxe4
29.Rxe4 Nd6 30.Bg2 Nxe4 31.Bxe4 Qc8 32.Bd3 Nc6 33.d5 Ne7 34.dxe6 fxe6 35.
Qc3 Nf5 36.Bf1 Kg8 37.g4 Nd4 38.Qg3 Rf7 39.Rd1 e5 40.fxe5 Nf3+ 41.Kg2 Rxd1
0-1

[Event "Mediterranean zonal 5 (w)"]
[Site "Sparta GRE"]
[Date "1991.??.??"]
[Round "1"]
[White "Makropoulou, Marina"]
[Black "Maric, Mirjana"]
[Result "1-0"]
[WhiteElo "2290"]
[BlackElo "2245"]
[EventDate "1991.??.??"]
[PlyCount "71"]

1.e4 e6 2.d4 d5 3.Nc3 Nf6 4.Bg5 Be7 5.e5 Nfd7 6.h4 Bxg5 7.hxg5 Qxg5 8.Nh3 
Qe7 9.Qg4 f5 10.Qh5+ g6 11.Qh6 Nc6 12.O-O-O Nf8 13.Nf4 Qf7 14.Be2 Bd7 15.
Nh5 O-O-O 16.Nf6 Ne7 17.Qd2 Ng8 18.Nxd7 Nxd7 19.Nb5 a6 20.Na7+ Kb8 21.Nc6+
bxc6 22.Qa5 Nb6 23.Qxa6 Qd7 24.Rh3 Qc8 25.Qa5 Qb7 26.Rb3 Ne7 27.Ba6 Qa7 
28.Rdd3 c5 29.dxc5 Nc6 30.Qb5 Nxe5 31.Re3 Nc4 32.Rxe6 Rd6 33.cxd6 c6 34.
Qxc6 Qxa6 35.d7 Qb7 36.Re8+ 1-0

[Event "Mediterranean zonal 5 (w)"]
[Site "Sparta GRE"]
[Date "1991.??.??"]
[Round "1"]
[White "Vuksanovic, Sanja"]
[Black "Causon, Muriel"]
[Result "1-0"]
[WhiteElo "2200"]
[BlackElo "1895"]
[EventDate "1991.??.??"]
[PlyCount "41"]

1.e4 e5 2.Nf3 Nc6 3.Bc4 Nf6 4.d3 Bc5 5.c3 d6 6.Nbd2 O-O 7.O-O Bg4 8.h3 Bd7
9.b4 Bb6 10.Re1 a6 11.Nf1 Ne7 12.Bg5 Ng6 13.Nh4 Kh8 14.Nf5 h6 15.Be3 Ba7 
16.N1g3 Bc6 17.Nh5 Nxh5 18.Qxh5 d5 19.Bxh6 f6 20.Qxg6 Qd7 21.Bxg7+ 1-0

[Event "Mediterranean zonal 5 (w)"]
[Site "Sparta GRE"]
[Date "1991.??.??"]
[Round "2"]
[White "Botsari, Anna-Maria"]
[Black "Makropoulou, Marina"]
[Result "1/2-1/2"]
[WhiteElo "2285"]
[BlackElo "2290"]
[EventDate "1991.??.??"]
[PlyCount "35"]

1.d4 Nf6 2.c4 e6 3.Nc3 Bb4 4.f3 d5 5.a3 Bxc3+ 6.bxc3 c5 7.cxd5 Nxd5 8.dxc5
f5 9.c4 Qh4+ 10.g3 Qxc4 11.Bb2 Ne3 12.Qc1 Qxc1+ 13.Rxc1 O-O 14.Bh3 Bd7 15.
Kd2 Nd5 16.f4 Na6 17.Nf3 Rac8 18.Bd4 1/2-1/2

[Event "Mediterranean zonal 5 (w)"]
[Site "Sparta GRE"]
[Date "1991.??.??"]
[Round "2"]
[White "Causon, Muriel"]
[Black "Kondou, Eva"]
[Result "0-1"]
[WhiteElo "1895"]
[BlackElo "2175"]
[EventDate "1991.??.??"]
[PlyCount "52"]

1.d4 Nf6 2.c4 c5 3.Nf3 cxd4 4.Nxd4 b6 5.Bg5 Bb7 6.Nc3 e6 7.f3 Be7 8.e3 O-O
9.Bd3 h6 10.Bxf6 Bxf6 11.Qc2 Bxd4 12.exd4 Nc6 13.Ne2 Nb4 14.Qd2 Nxd3+ 15.
Qxd3 Ba6 16.Qc3 Rc8 17.b3 d5 18.c5 e5 19.dxe5 Rxc5 20.Qe3 Rc2 21.Nf4 Qg5 
22.Kd1 d4 23.Qxd4 Rc5 24.Re1 Rd8 25.Qd6 Rxd6+ 26.exd6 Qxf4 0-1

[Event "Mediterranean zonal 5 (w)"]
[Site "Sparta GRE"]
[Date "1991.??.??"]
[Round "2"]
[White "Ipek, Nilufer"]
[Black "Petraki, Maria"]
[Result "1-0"]
[WhiteElo "2065"]
[BlackElo "2035"]
[EventDate "1991.??.??"]
[PlyCount "78"]

1.e4 e6 2.d3 d5 3.Nd2 Nf6 4.Ngf3 Bc5 5.e5 Nfd7 6.d4 Be7 7.Bd3 c5 8.c3 Nc6 
9.O-O Qb6 10.dxc5 Nxc5 11.Bc2 Nd7 12.Qe2 O-O 13.Nb3 f6 14.exf6 Nxf6 15.Bg5
Qc7 16.Rad1 Ng4 17.h3 Bxg5 18.hxg4 Qf4 19.Nxg5 Qxg5 20.Rd3 Rf4 21.Rg3 e5 
22.Qb5 e4 23.Rd1 Be6 24.Qxb7 Rc8 25.Nc5 Qe5 26.Nxe6 Qxe6 27.Bb3 Rb8 28.
Qxb8+ Nxb8 29.Bxd5 Kf7 30.Bxe6+ Kxe6 31.f3 Nc6 32.fxe4 Ne5 33.Rd4 Nxg4 34.
Ra4 h5 35.Rxa7 Rxe4 36.Rxg4 Rxg4 37.b4 g5 38.b5 Rc4 39.Ra3 Kd5 1-0

[Event "Mediterranean zonal 5 (w)"]
[Site "Sparta GRE"]
[Date "1991.??.??"]
[Round "2"]
[White "Maric, Mirjana"]
[Black "Giaidzi, Aspasia"]
[Result "1/2-1/2"]
[WhiteElo "2245"]
[BlackElo "1985"]
[EventDate "1991.??.??"]
[PlyCount "72"]

1.e4 c5 2.Nf3 Nc6 3.d4 cxd4 4.Nxd4 Qb6 5.Nb3 Nf6 6.Nc3 e6 7.Bd3 Be7 8.O-O 
d6 9.a4 O-O 10.a5 Qc7 11.f4 Bd7 12.Be3 Nb4 13.Be2 d5 14.e5 Ne4 15.Nxe4 
dxe4 16.c3 Nd5 17.Bd4 b6 18.axb6 axb6 19.Rxa8 Rxa8 20.Nd2 Bc5 21.Nxe4 Ne3 
22.Bxe3 Bxe3+ 23.Kh1 b5 24.Qd3 Bb6 25.Ng5 g6 26.Qh3 h5 27.Bxh5 gxh5 28.
Qxh5 Bc6 29.Qh7+ Kf8 30.Rd1 Qb7 31.Qh8+ Ke7 32.Qf6+ Ke8 33.Qh8+ Ke7 34.
Qf6+ Ke8 35.Qh8+ Ke7 36.Qf6+ Ke8 1/2-1/2

[Event "Mediterranean zonal 5 (w)"]
[Site "Sparta GRE"]
[Date "1991.??.??"]
[Round "2"]
[White "Markovic, Gordana"]
[Black "Maksimovic, Suzana"]
[Result "1-0"]
[WhiteElo "2260"]
[BlackElo "2290"]
[EventDate "1991.??.??"]
[PlyCount "81"]

1.e4 c5 2.b3 Nf6 3.e5 Nd5 4.Bb2 Nc6 5.Nf3 e6 6.g3 Be7 7.Bg2 O-O 8.O-O f6 
9.exf6 Bxf6 10.Bxf6 Qxf6 11.Na3 Nde7 12.c4 d6 13.d3 e5 14.Nd2 Qg6 15.Ne4 
Nd4 16.Nc2 Bg4 17.f3 Nxc2 18.Qxc2 Bf5 19.Rae1 Nc6 20.f4 Rad8 21.Qd2 h6 22.
fxe5 Nxe5 23.Nxc5 Nxc4 24.dxc4 dxc5 25.Bd5+ Kh8 26.Qf4 Rf6 27.Qc7 Rc8 28.
Qxb7 Rcf8 29.Qe7 Rc8 30.Rf4 Rb6 31.Ref1 Rf6 32.Qxa7 Qg5 33.Qe7 h5 34.a4 
Rb8 35.a5 Rxb3 36.a6 Bh3 37.Qe8+ Kh7 38.Qg8+ Kg6 39.Rxf6+ Qxf6 40.Rxf6+ 
Kxf6 41.Qf7+ 1-0

[Event "Mediterranean zonal 5 (w)"]
[Site "Sparta GRE"]
[Date "1991.??.??"]
[Round "2"]
[White "Petek, Mirjana"]
[Black "Vuksanovic, Sanja"]
[Result "1/2-1/2"]
[WhiteElo "2225"]
[BlackElo "2200"]
[EventDate "1991.??.??"]
[PlyCount "24"]

1.d4 Nf6 2.c4 e6 3.Nf3 b6 4.e3 Bb7 5.Nbd2 d5 6.b3 Bd6 7.Bd3 Nbd7 8.Bb2 O-O
9.O-O c5 10.Qe2 Qe7 11.Ne5 Ne4 12.Rad1 Rad8 1/2-1/2

[Event "Mediterranean zonal 5 (w)"]
[Site "Sparta GRE"]
[Date "1991.??.??"]
[Round "3"]
[White "Giaidzi, Aspasia"]
[Black "Botsari, Anna-Maria"]
[Result "0-1"]
[WhiteElo "1985"]
[BlackElo "2285"]
[EventDate "1991.??.??"]
[PlyCount "86"]

1.e4 c5 2.Nf3 Nc6 3.d4 cxd4 4.Nxd4 Qb6 5.Nb3 Nf6 6.Nc3 e6 7.Bd3 Be7 8.Be3 
Qc7 9.f4 d6 10.Qf3 a6 11.O-O-O Rb8 12.g4 b5 13.g5 Nd7 14.h4 Nb4 15.Kb1 Bb7
16.Qh3 Rc8 17.Rd2 Nc5 18.Nxc5 dxc5 19.Be2 Nc6 20.f5 Nd4 21.fxe6 Nxe6 22.
Bg4 Qe5 23.Rhd1 Bc6 24.Nd5 Rd8 25.Bxe6 fxe6 26.Nxe7 Kxe7 27.Qg4 Rxd2 28.
Rxd2 Bxe4 29.Bf4 Qf5 30.Bd6+ Kf7 31.Qxf5+ exf5 32.Bxc5 Rc8 33.b4 a5 34.a3 
axb4 35.axb4 f4 36.Rd4 Re8 37.Rd7+ Kg6 38.Bd4 Rc8 39.Rxg7+ Kh5 40.Ka1 Rxc2
41.Rf7 Rc4 42.Be5 f3 43.Bd6 Kxh4 0-1

[Event "Mediterranean zonal 5 (w)"]
[Site "Sparta GRE"]
[Date "1991.??.??"]
[Round "3"]
[White "Kondou, Eva"]
[Black "Petek, Mirjana"]
[Result "1-0"]
[WhiteElo "2175"]
[BlackElo "2225"]
[EventDate "1991.??.??"]
[PlyCount "77"]

1.e4 e6 2.d4 d5 3.Nc3 Nf6 4.e5 Nfd7 5.f4 c5 6.Nf3 Nc6 7.Be3 cxd4 8.Nxd4 
Bc5 9.Qd2 Bxd4 10.Bxd4 Nxd4 11.Qxd4 Qb6 12.O-O-O Qxd4 13.Rxd4 a6 14.Be2 
O-O 15.h4 Nb8 16.Bg4 Nc6 17.Rd2 b5 18.Ne2 Ra7 19.Nd4 Rc7 20.Rh3 Nxd4 21.
Rxd4 Bb7 22.Kd2 Rfc8 23.c3 Kf8 24.Be2 Bc6 25.Bd3 h6 26.g4 g6 27.h5 Kg7 28.
hxg6 fxg6 29.f5 exf5 30.gxf5 gxf5 31.Bxf5 Rh8 32.Rg4+ Kf8 33.Rg6 h5 34.Rf3
Ke8 35.Re6+ Kd8 36.Rd6+ Ke7 37.Rg3 Ke8 38.Bg6+ Kf8 39.Rd8+ 1-0

[Event "Mediterranean zonal 5 (w)"]
[Site "Sparta GRE"]
[Date "1991.??.??"]
[Round "3"]
[White "Maksimovic, Suzana"]
[Black "Maric, Mirjana"]
[Result "1-0"]
[WhiteElo "2290"]
[BlackElo "2245"]
[EventDate "1991.??.??"]
[PlyCount "55"]

1.d4 Nf6 2.c4 e6 3.Nc3 Bb4 4.e3 c5 5.Bd3 d5 6.Ne2 cxd4 7.exd4 Nc6 8.cxd5 
Nxd5 9.O-O O-O 10.Ne4 Be7 11.a3 e5 12.dxe5 Nxe5 13.Bc2 Nf6 14.Be3 Qxd1 15.
Rfxd1 b6 16.Bd4 Ned7 17.Bc3 Ba6 18.N2g3 Nxe4 19.Bxe4 Rad8 20.Bc6 Nb8 21.
Bf3 g6 22.h3 Rxd1+ 23.Rxd1 Rd8 24.Re1 Rd7 25.Be5 Bc5 26.Bxb8 Rd2 27.Ne4 
Rxb2 28.Nxc5 1-0

[Event "Mediterranean zonal 5 (w)"]
[Site "Sparta GRE"]
[Date "1991.??.??"]
[Round "3"]
[White "Makropoulou, Marina"]
[Black "Ipek, Nilufer"]
[Result "1-0"]
[WhiteElo "2290"]
[BlackElo "2065"]
[EventDate "1991.??.??"]
[PlyCount "67"]

1.e4 c5 2.Nf3 e6 3.d4 cxd4 4.Nxd4 Nc6 5.Nc3 Qc7 6.g3 a6 7.Bg2 Nf6 8.O-O 
Nxd4 9.Qxd4 Bc5 10.Bf4 d6 11.Qd3 Bd7 12.Rad1 e5 13.Bg5 Bc6 14.Bxf6 gxf6 
15.Qf3 Qe7 16.a3 h5 17.h4 O-O-O 18.b4 Bd4 19.Ne2 Ba7 20.c4 Kb8 21.Kh2 Rhg8
22.Bh3 Rg7 23.Nc3 b5 24.cxb5 axb5 25.Nd5 Bxd5 26.Rxd5 Qb7 27.Qxf6 Rgg8 28.
Rfd1 Bd4 29.Bf1 Qc6 30.Rxb5+ Ka8 31.Ra5+ Kb8 32.Rxd4 exd4 33.Qxd4 Rd7 34.
Bb5 1-0

[Event "Mediterranean zonal 5 (w)"]
[Site "Sparta GRE"]
[Date "1991.??.??"]
[Round "3"]
[White "Petraki, Maria"]
[Black "Causon, Muriel"]
[Result "1-0"]
[WhiteElo "2035"]
[BlackElo "1895"]
[EventDate "1991.??.??"]
[PlyCount "55"]

1.d4 Nf6 2.c4 e6 3.Nf3 d5 4.Nc3 Be7 5.cxd5 exd5 6.Bg5 Nc6 7.Qb3 h6 8.Bxf6 
Bxf6 9.e3 Ne7 10.Bd3 O-O 11.h3 b6 12.O-O a5 13.Rfe1 Ba6 14.Bxa6 Rxa6 15.e4
dxe4 16.Nxe4 Ng6 17.Nxf6+ Qxf6 18.Rac1 Raa8 19.Rxc7 Qf4 20.Rc6 Nh4 21.Nxh4
Qxh4 22.Qxb6 Rab8 23.Qc5 Rfd8 24.d5 Rxb2 25.d6 Rxa2 26.Rc8 Kh7 27.Qf5+ Kg8
28.Re8+ 1-0

[Event "Mediterranean zonal 5 (w)"]
[Site "Sparta GRE"]
[Date "1991.??.??"]
[Round "3"]
[White "Vuksanovic, Sanja"]
[Black "Markovic, Gordana"]
[Result "1/2-1/2"]
[WhiteElo "2200"]
[BlackElo "2260"]
[EventDate "1991.??.??"]
[PlyCount "28"]

1.e4 c5 2.f4 Nc6 3.Nf3 e6 4.d3 Be7 5.Nc3 a6 6.Be3 d5 7.Bf2 d4 8.Ne2 Nf6 9.
c3 dxc3 10.Nxc3 Qa5 11.Be2 Ng4 12.Bg3 Nd4 13.Qa4+ Qxa4 14.Nxa4 b5 1/2-1/2

[Event "Mediterranean zonal 5 (w)"]
[Site "Sparta GRE"]
[Date "1991.??.??"]
[Round "4"]
[White "Botsari, Anna-Maria"]
[Black "Maksimovic, Suzana"]
[Result "1-0"]
[WhiteElo "2285"]
[BlackElo "2290"]
[EventDate "1991.??.??"]
[PlyCount "125"]

1.d4 Nc6 2.d5 Ne5 3.e4 e6 4.Nc3 Nf6 5.Qd4 d6 6.f4 Ng6 7.Nf3 Be7 8.Bb5+ c6 
9.dxc6 O-O 10.O-O Qc7 11.cxb7 Bxb7 12.Kh1 e5 13.fxe5 dxe5 14.Qd3 Rad8 15.
Qe2 Bb4 16.Bd3 Bxc3 17.bxc3 Qxc3 18.Rb1 Qc6 19.Rb4 Bc8 20.Qf2 a5 21.Rc4 
Qa8 22.Ba3 Rfe8 23.Rc7 Rd7 24.Qc5 Rxc7 25.Qxc7 h6 26.Bb5 Ba6 27.Bxe8 Bxf1 
28.Qxf7+ Kh8 29.Qxg6 Qxe8 30.Qxe8+ Nxe8 31.Nxe5 Nf6 32.Kg1 Ba6 33.Nf7+ Kg8
34.Nd6 Ng4 35.Bc5 g6 36.a4 h5 37.Bb6 Kf8 38.Bxa5 Ke7 39.Bb4 Ke6 40.c3 Ne5 
41.Nb5 Kd7 42.h3 Nc4 43.Nd4 Bb7 44.Nb3 Bc6 45.Nc5+ Kd6 46.a5 Ke5 47.Kf2 
Nd2 48.Ke3 Nxe4 49.Nd3+ Kf5 50.c4 Nf6 51.Ne1 g5 52.a6 g4 53.hxg4+ hxg4 54.
g3 Ne4 55.Nc2 Ke5 56.Nd4 Ba8 57.Nb5 Bc6 58.a7 Bb7 59.Ba5 Ke6 60.Kf4 Nd6 
61.Nc7+ Kd7 62.a8=Q Bxa8 63.Nxa8 1-0

[Event "Mediterranean zonal 5 (w)"]
[Site "Sparta GRE"]
[Date "1991.??.??"]
[Round "4"]
[White "Ipek, Nilufer"]
[Black "Causon, Muriel"]
[Result "1-0"]
[WhiteElo "2065"]
[BlackElo "1895"]
[EventDate "1991.??.??"]
[PlyCount "51"]

1.e4 e5 2.Nf3 d6 3.d4 exd4 4.Nxd4 g6 5.Bc4 Bg7 6.Nc3 Nf6 7.Bg5 O-O 8.Qd2 
h6 9.Bxh6 Re8 10.Bxg7 Kxg7 11.f3 d5 12.Be2 dxe4 13.fxe4 Nbd7 14.O-O-O Nxe4
15.Nxe4 Rxe4 16.h4 Rxh4 17.g3 Rh8 18.Qc3 Qf6 19.Rxh8 Kxh8 20.Rf1 Qg5+ 21.
Kb1 Qd5 22.Bc4 Qg2 23.Ne6+ f6 24.Rxf6 Kh7 25.Rf7+ Kh6 26.Qh8# 1-0

[Event "Mediterranean zonal 5 (w)"]
[Site "Sparta GRE"]
[Date "1991.??.??"]
[Round "4"]
[White "Makropoulou, Marina"]
[Black "Giaidzi, Aspasia"]
[Result "1-0"]
[WhiteElo "2290"]
[BlackElo "1985"]
[EventDate "1991.??.??"]
[PlyCount "55"]

1.e4 c5 2.Nf3 e6 3.b3 Nc6 4.Bb2 Nf6 5.e5 Nd5 6.g3 Be7 7.Bg2 O-O 8.O-O Qc7 
9.c4 Ndb4 10.d3 f6 11.a3 Na6 12.exf6 Bxf6 13.Bxf6 gxf6 14.Nc3 d6 15.Re1 
Nab8 16.d4 cxd4 17.Nxd4 Nxd4 18.Qxd4 Nc6 19.Qd2 Qb6 20.Rab1 Ne7 21.Red1 
Nf5 22.g4 Nh4 23.Qxd6 Qa5 24.Nb5 Nxg2 25.Kxg2 e5 26.h3 a6 27.Nc7 Ra7 28.
Nd5 1-0

[Event "Mediterranean zonal 5 (w)"]
[Site "Sparta GRE"]
[Date "1991.??.??"]
[Round "4"]
[White "Maric, Mirjana"]
[Black "Vuksanovic, Sanja"]
[Result "0-1"]
[WhiteElo "2245"]
[BlackElo "2200"]
[EventDate "1991.??.??"]
[PlyCount "106"]

1.e4 e6 2.d4 d5 3.Nc3 Nf6 4.e5 Nfd7 5.f4 c5 6.Nf3 Nc6 7.Be3 cxd4 8.Nxd4 
Bc5 9.Qd2 O-O 10.O-O-O a6 11.h4 Qc7 12.h5 Nxd4 13.Bxd4 b6 14.h6 g6 15.g3 
Bb7 16.Bh3 Bxd4 17.Qxd4 Qc5 18.Rhe1 Rfd8 19.Qd2 Qf8 20.f5 exf5 21.Bg2 Nc5 
22.Nxd5 Bxd5 23.Bxd5 Qe7 24.Qe3 Rab8 25.e6 fxe6 26.Bxe6+ Nxe6 27.Qxe6+ 
Qxe6 28.Rxd8+ Rxd8 29.Rxe6 Kf7 30.Rxb6 g5 31.Rxa6 Rd4 32.Ra3 Kg6 33.Rf3 g4
34.Rf1 Kg5 35.b3 f4 36.gxf4+ Rxf4 37.Rg1 Kh4 38.a4 Kh3 39.Rh1+ Kg2 40.Rh5 
g3 41.Kd2 Kf3 42.Rh3 Kf2 43.a5 g2 44.Rh2 Kg3 45.Rxg2+ Kxg2 46.Ke3 Kg3 47.
c3 Kg4 48.b4 Kf5 49.a6 Ke5 50.a7 Rf8 51.b5 Kd5 52.c4+ Kc5 53.Ke4 Ra8 0-1

[Event "Mediterranean zonal 5 (w)"]
[Site "Sparta GRE"]
[Date "1991.??.??"]
[Round "4"]
[White "Markovic, Gordana"]
[Black "Kondou, Eva"]
[Result "1/2-1/2"]
[WhiteElo "2260"]
[BlackElo "2175"]
[EventDate "1991.??.??"]
[PlyCount "89"]

1.e4 c5 2.c3 g6 3.d4 cxd4 4.cxd4 Bg7 5.Be3 Nf6 6.Nc3 d5 7.e5 Ne4 8.Bd3 
Nxc3 9.bxc3 O-O 10.Ne2 b6 11.Qd2 Ba6 12.Bxa6 Nxa6 13.Bh6 Qd7 14.h4 f6 15.
Bxg7 Kxg7 16.h5 g5 17.Rh3 Nc7 18.Kf1 Kh8 19.Kg1 fxe5 20.Qxg5 Rf5 21.Qe3 
Raf8 22.Rh4 Qe6 23.dxe5 Rxe5 24.Qd4 Nb5 25.Qd3 Rxe2 26.Qxb5 Rexf2 27.Qd3 
Qf6 28.Rh3 e6 29.h6 Rg8 30.Rg3 Rf5 31.Rxg8+ Kxg8 32.Qg3+ Qg5 33.Qb8+ Rf8 
34.Qh2 Qe3+ 35.Kh1 Qf4 36.Qh5 Qf5 37.Qh4 Qf6 38.Qh3 Rc8 39.Re1 Rxc3 40.
Qg4+ Qg6 41.Qh4 Rc8 42.Re3 Qf5 43.Qg3+ Qg6 44.Qh4 Qf5 45.Qg3+ 1/2-1/2

[Event "Mediterranean zonal 5 (w)"]
[Site "Sparta GRE"]
[Date "1991.??.??"]
[Round "4"]
[White "Petek, Mirjana"]
[Black "Petraki, Maria"]
[Result "1/2-1/2"]
[WhiteElo "2225"]
[BlackElo "2035"]
[EventDate "1991.??.??"]
[PlyCount "89"]

1.d4 e6 2.Nf3 f5 3.g3 Nf6 4.Bg2 d5 5.O-O Bd6 6.b3 Qe7 7.c4 c6 8.Ne5 O-O 9.
Bb2 b6 10.Nd2 Bb7 11.e3 a5 12.Qc2 Na6 13.Ndf3 Ne4 14.Qe2 g5 15.Nd3 Nb4 16.
Nfe5 Nxd3 17.Nxd3 c5 18.Rac1 Nf6 19.f4 g4 20.Rfd1 h5 21.Ne5 Bxe5 22.dxe5 
Ne4 23.Bxe4 fxe4 24.Rd2 Rfd8 25.Rcd1 Rd7 26.f5 Rad8 27.cxd5 Rxd5 28.Rxd5 
Rxd5 29.Rxd5 Bxd5 30.f6 Qc7 31.h3 c4 32.hxg4 cxb3 33.axb3 Qh7 34.gxh5 Qf5 
35.Qb5 Qxh5 36.Qf1 Bxb3 37.Bd4 Qd1 38.Qxd1 Bxd1 39.Bxb6 a4 40.Bc5 Kf7 41.
Kg2 Bf3+ 42.Kh3 Be2 43.Kh4 Kg6 44.g4 Bf3 45.Kg3 1/2-1/2

[Event "Mediterranean zonal 5 (w)"]
[Site "Sparta GRE"]
[Date "1991.??.??"]
[Round "5"]
[White "Causon, Muriel"]
[Black "Petek, Mirjana"]
[Result "0-1"]
[WhiteElo "1895"]
[BlackElo "2225"]
[EventDate "1991.??.??"]
[PlyCount "48"]

1.d4 e6 2.Nf3 Nf6 3.Bf4 b6 4.e3 Bb7 5.Bd3 Be7 6.O-O O-O 7.c4 d6 8.Bc2 Nbd7
9.Nc3 c5 10.e4 cxd4 11.e5 dxe5 12.Nxe5 Nxe5 13.Bxe5 dxc3 14.Bxc3 Qxd1 15.
Raxd1 Rfd8 16.Be5 Rxd1 17.Rxd1 Rd8 18.Bd4 Bc5 19.Bxc5 Rxd1+ 20.Bxd1 bxc5 
21.a3 a5 22.Kf1 Ne4 23.Ke2 Nd6 24.f3 Nxc4 0-1

[Event "Mediterranean zonal 5 (w)"]
[Site "Sparta GRE"]
[Date "1991.??.??"]
[Round "5"]
[White "Giaidzi, Aspasia"]
[Black "Ipek, Nilufer"]
[Result "1-0"]
[WhiteElo "1985"]
[BlackElo "2065"]
[EventDate "1991.??.??"]
[PlyCount "75"]

1.e4 e5 2.Nf3 Nc6 3.Bb5 a6 4.Ba4 Nf6 5.O-O Be7 6.d3 d6 7.c3 b5 8.Bc2 O-O 
9.Re1 Bg4 10.Nbd2 Qd7 11.Nf1 Nh5 12.Ne3 Nf4 13.Nxg4 Qxg4 14.Bxf4 Qxf4 15.
Qe2 Bf6 16.h3 Qh6 17.a4 Ne7 18.d4 Ng6 19.axb5 Nf4 20.Qf1 axb5 21.Kh2 g5 
22.g4 c6 23.dxe5 dxe5 24.Ng1 Qg7 25.Ne2 Ne6 26.Ng3 Nf4 27.Ne2 Ng6 28.Ng3 
Nh4 29.Qe2 Rfd8 30.Nh5 Qg6 31.Qe3 Be7 32.Red1 Rxa1 33.Rxa1 h6 34.Bb3 Rf8 
35.Ra6 Qd6 36.Ra7 Qd8 37.Ra6 Qc8 38.Ra7 1-0

[Event "Mediterranean zonal 5 (w)"]
[Site "Sparta GRE"]
[Date "1991.??.??"]
[Round "5"]
[White "Kondou, Eva"]
[Black "Maric, Mirjana"]
[Result "1-0"]
[WhiteElo "2175"]
[BlackElo "2245"]
[EventDate "1991.??.??"]
[PlyCount "85"]

1.e4 e5 2.Nf3 Nf6 3.d4 Nxe4 4.Bd3 d5 5.Nxe5 Nd7 6.Nc3 Nxe5 7.dxe5 Nxc3 8.
bxc3 Be7 9.Qh5 Be6 10.f4 g6 11.Qf3 f5 12.O-O c6 13.Rb1 Qc7 14.Be3 b6 15.a4
O-O 16.Qe2 c5 17.c4 d4 18.Bd2 Rab8 19.Ra1 a6 20.c3 dxc3 21.Bxc3 Rfd8 22.g4
Qc8 23.gxf5 Bxf5 24.Be4 Bxe4 25.Qxe4 Qf5 26.Qxf5 gxf5 27.Rf3 Kf7 28.Rh3 h5
29.Rxh5 Kg6 30.Rh3 Rh8 31.Rg3+ Kh5 32.Rd1 Bh4 33.Rg7 Rhg8 34.Rd7 Rxg7+ 35.
Rxg7 Kh6 36.Rf7 Kg6 37.Ra7 b5 38.Rxa6+ Kh5 39.axb5 Rg8+ 40.Kf1 Kg4 41.Bd2 
Rd8 42.Ke2 Rd4 43.b6 1-0

[Event "Mediterranean zonal 5 (w)"]
[Site "Sparta GRE"]
[Date "1991.??.??"]
[Round "5"]
[White "Maksimovic, Suzana"]
[Black "Makropoulou, Marina"]
[Result "1/2-1/2"]
[WhiteElo "2290"]
[BlackElo "2290"]
[EventDate "1991.??.??"]
[PlyCount "34"]

1.d4 Nf6 2.c4 g6 3.Nc3 Bg7 4.e4 d6 5.f4 O-O 6.Nf3 Na6 7.Bd3 e5 8.fxe5 dxe5
9.d5 Nh5 10.O-O Nc5 11.Bc2 a5 12.Be3 Qe7 13.Qd2 b6 14.Rad1 Ba6 15.b3 Rad8 
16.Qf2 Nb7 17.Rfe1 Nd6 1/2-1/2

[Event "Mediterranean zonal 5 (w)"]
[Site "Sparta GRE"]
[Date "1991.??.??"]
[Round "5"]
[White "Petraki, Maria"]
[Black "Markovic, Gordana"]
[Result "0-1"]
[WhiteElo "2035"]
[BlackElo "2260"]
[EventDate "1991.??.??"]
[PlyCount "70"]

1.d4 Nf6 2.c4 e6 3.Nf3 Bb4+ 4.Bd2 c5 5.Bxb4 cxb4 6.a3 bxa3 7.Nxa3 d6 8.g3 
Nc6 9.Bg2 Qa5+ 10.Qd2 Qxd2+ 11.Nxd2 Nxd4 12.e3 Nc6 13.Nb5 Ke7 14.O-O Bd7 
15.Rfd1 a6 16.Nc3 Rhd8 17.Nde4 Ne8 18.f4 Nb4 19.Rd2 Bc6 20.Rad1 Rac8 21.b3
f5 22.Ng5 Bxg2 23.Kxg2 h6 24.Nf3 b5 25.Na2 Nxa2 26.Rxa2 bxc4 27.bxc4 Rxc4 
28.Rxa6 Rc2+ 29.Kh3 Rd7 30.Nd4 Rc3 31.Re1 Nf6 32.Nc6+ Kf7 33.Nd4 Rd3 34.
Nb5 Ng4 35.Ra3 Rd2 0-1

[Event "Mediterranean zonal 5 (w)"]
[Site "Sparta GRE"]
[Date "1991.??.??"]
[Round "5"]
[White "Vuksanovic, Sanja"]
[Black "Botsari, Anna-Maria"]
[Result "1/2-1/2"]
[WhiteElo "2200"]
[BlackElo "2285"]
[EventDate "1991.??.??"]
[PlyCount "98"]

1.e4 e5 2.Nf3 Nc6 3.Bc4 Bc5 4.c3 Nf6 5.d3 a6 6.O-O Ba7 7.Nbd2 d6 8.Bb3 O-O
9.h3 Ne7 10.Re1 Ng6 11.d4 h6 12.Nf1 Qe7 13.Ng3 Nh7 14.Be3 Ng5 15.Nf5 Qf6 
16.Nxg5 hxg5 17.Qg4 Nf4 18.g3 g6 19.gxf4 exf4 20.Bxf4 gxf4 21.Ne7+ Kg7 22.
Nxc8 Raxc8 23.e5 dxe5 24.dxe5 Qf5 25.Qxf5 gxf5 26.Kg2 Rcd8 27.Rad1 Rh8 28.
Rxd8 Rxd8 29.Rd1 Rxd1 30.Bxd1 Kg6 31.Kf3 a5 32.Kxf4 Bxf2 33.Bc2 Be1 34.
Bxf5+ Kg7 35.Bc8 b6 36.Ke4 Bd2 37.Kd5 Bc1 38.b3 Bd2 39.c4 Bf4 40.Bd7 Kg6 
41.Ke4 Bg3 42.Be8 Kg7 43.Kf5 Kf8 44.Bc6 Kg7 45.Bd5 Be1 46.e6 fxe6+ 47.Kxe6
Bb4 48.Kd7 Bd6 49.c5 Bxc5 1/2-1/2

[Event "Mediterranean zonal 5 (w)"]
[Site "Sparta GRE"]
[Date "1991.??.??"]
[Round "6"]
[White "Botsari, Anna-Maria"]
[Black "Kondou, Eva"]
[Result "1-0"]
[WhiteElo "2285"]
[BlackElo "2175"]
[EventDate "1991.??.??"]
[PlyCount "70"]

1.d4 Nf6 2.c4 g6 3.Nc3 d5 4.cxd5 Nxd5 5.e4 Nxc3 6.bxc3 Bg7 7.Nf3 c5 8.Rb1 
O-O 9.Be2 cxd4 10.cxd4 Qa5+ 11.Bd2 Qxa2 12.O-O a5 13.Qc1 Qe6 14.Bc4 Qd7 
15.Ne5 Qd8 16.Bg5 Nc6 17.Nxf7 Rxf7 18.Bxf7+ Kxf7 19.Qc4+ Kf8 20.Rb3 Qxd4 
21.Rf3+ Bf5 22.Qc2 Qe5 23.Be3 Nb4 24.Qb1 Qb2 25.exf5 Qxb1 26.Rxb1 gxf5 27.
Rxf5+ Ke8 28.Bc5 Nd3 29.Ba3 Nb4 30.Rg5 Kf7 31.g3 Nc2 32.Bxe7 a4 33.Rxb7 a3
34.Bxa3+ Kf6 35.Rgxg7 Rxa3 1-0